| 000 | 00477nam a22001817a 4500 | ||
|---|---|---|---|
| 003 | OSt | ||
| 005 | 20160520142101.0 | ||
| 008 | 160520b xxu||||| |||| 00| 0 eng d | ||
| 020 | _a0131461230 | ||
| 040 | _cDLMN. | ||
| 082 | _aQS17M363a 2004. | ||
| 100 |
_aMartini,Frederic; _98877 |
||
| 245 | _aMartini's Atlas of The Human Body. | ||
| 260 |
_aNew York. _bBenjamin Cummings. _c2004. |
||
| 300 |
_aiv,123p; _bcol,ill; _c27cm. |
||
| 650 |
_aEmbryology. _961 |
||
| 942 |
_2z _cO_SHELF |
||
| 999 |
_c4112 _d4112 |
||